Firmy ubrań i butów - logo quiz - Statystyki

Ogólne statystyki
  • Ten quiz został rozwiązany 541 razy
  • Średni wynik to 12 z 20
Statystyki odpowiedzi
Obrazkowy Odpowiedź % Poprawnych
Nike
100%
Adidas
99%
Levi
93%
Puma
90%
Fila
86%
Gucci
85%
Lacoste
78%
Umbro
78%
Guess
74%
Tommy Hilfiger
73%
Champion
70%
Chanel
64%
Louis Vuitton
54%
Timberland
44%
Under Armour
42%
Gap
40%
Carhartt
19%
Fruit of the loom
16%
Patagonia
15%
Kangol
4%
Nie znaleziono quizów pasujących do podanych kryteriów
Rozkład punktacji
Procent ludzi z każdym wynikiem
Percentyl według liczby udzielonych odpowiedzi
Twoja historia wyników
Nie rozwiązałeś tego quizu